[Event "Mendrisio Swiss Lake op"]
[Site "Mendrisio"]
[Date "2024.09.07"]
[Round "3"]
[White "Qendro, Llambi"]
[Black "Zecirovic, Giacomo"]
[Result "1-0"]
[WhiteElo "2286"]
[BlackElo "1938"]
[PlyCount "47"]
[EventDate "2024.09.06"]
[EventType "swiss"]
[EventRounds "5"]
[EventCountry "SUI"]
[SourceTitle "EXT 2025"]
[Source "ChessBase"]
[SourceDate "2024.10.14"]
[SourceVersion "1"]
[SourceVersionDate "2024.10.14"]
[SourceQuality "1"]

1. d4 d5 2. c4 e6 3. Nc3 Nf6 4. cxd5 exd5 5. Bg5 c6 6. e3 Bd6 7. Qc2 Nbd7 8. Bd3 h6 9. Bh4 0-0 10. Nge2 Re8 11. h3 Nf8 12. g4 g5 13. Bg3 Ne6 14. 0-0-0 Nc7 15. Rdg1 b5 16. Bxd6 Qxd6 17. Ng3 Na6 18. Bf5 Nb4 19. Qd2 c5 20. h4 Qc6 21. hxg5 hxg5 22. Kb1 Bb7 23. e4 cxd4 24. Nxd5 1-0

[Event "Mendrisio Swiss Lake op"]
[Site "Mendrisio"]
[Date "2024.09.07"]
[Round "2"]
[White "Vincenti, Leonardo"]
[Black "Zecirovic, Giacomo"]
[Result "1/2-1/2"]
[WhiteElo "2152"]
[BlackElo "1938"]
[PlyCount "102"]
[EventDate "2024.09.06"]
[EventType "swiss"]
[EventRounds "5"]
[EventCountry "SUI"]
[SourceTitle "EXT 2025"]
[Source "ChessBase"]
[SourceDate "2024.10.14"]
[SourceVersion "1"]
[SourceVersionDate "2024.10.14"]
[SourceQuality "1"]

1. e4 c6 2. d4 d5 3. exd5 cxd5 4. Bd3 Nf6 5. c3 Nc6 6. Bf4 Bg4 7. Qb3 Qb6 8. Qxb6 axb6 9. h3 Bh5 10. Na3 e6 11. Nb5 Kd7 12. Ne2 Bg6 13. Bxg6 hxg6 14. f3 Ne8 15. Kd2 Nd6 16. a4 Be7 17. Nxd6 Bxd6 18. b4 Ne7 19. Bxd6 Kxd6 20. Nf4 Kd7 21. Nd3 Nf5 22. Rhb1 Nd6 23. a5 Nc4+ 24. Ke2 b5 25. Ra2 Ra7 26. Rba1 Rha8 27. Ne5+ Nxe5 28. dxe5 Rc8 29. Kd3 Ra6 30. h4 Rca8 31. g3 b6 32. Kd4 Kc6 33. g4 Kb7 34. h5 gxh5 35. gxh5 Rh8 36. Rh1 bxa5 37. bxa5 Rc6 38. Rg2 Rc4+ 39. Kd3 Rh7 40. Rg4 Ka6 41. Rxc4 bxc4+ 42. Kd4 Kxa5 43. Kc5 Ka4 44. f4 Kb3 45. Rh3 Rh6 46. f5 exf5 47. Kxd5 g6 48. hxg6 Rxg6 49. Rf3 Rg5 50. Kd6 Rg6+ 51. Kd5 Rg5 1/2-1/2

[Event "Davos op"]
[Site "Davos"]
[Date "2023.07.02"]
[Round "4"]
[White "Zecirovic, Giacomo"]
[Black "Eggeling, Philipp"]
[Result "1-0"]
[WhiteElo "1809"]
[BlackElo "2165"]
[PlyCount "47"]
[EventDate "2023.06.30"]
[EventType "swiss"]
[EventRounds "5"]
[EventCountry "SUI"]
[SourceTitle "EXT 2024"]
[Source "ChessBase"]
[SourceDate "2023.10.10"]
[SourceVersion "1"]
[SourceVersionDate "2023.10.10"]
[SourceQuality "1"]

1. e4 c5 2. c3 g6 3. Nf3 Bg7 4. d4 cxd4 5. cxd4 Nf6 6. e5 Nd5 7. Qb3 e6 8. Bg5 Qb6 9. Qxb6 Nxb6 10. Nc3 a6 11. Ne4 0-0 12. Bd3 Nc6 13. h4 h5 14. a3 Nd5 15. g4 hxg4 16. h5 f5 17. exf6 Nxf6 18. h6 Nh5 19. Nh4 Bxd4 20. Nxg6 Bxb2 21. h7+ Kg7 22. Nxf8 Bxa1 23. Rxh5 Kxf8 24. Bf6 1-0

[Event "Davos op"]
[Site "Davos"]
[Date "2023.07.01"]
[Round "2"]
[White "Zecirovic, Giacomo"]
[Black "Karnaukh, Anatolij"]
[Result "0-1"]
[WhiteElo "1809"]
[BlackElo "2042"]
[PlyCount "72"]
[EventDate "2023.06.30"]
[EventType "swiss"]
[EventRounds "5"]
[EventCountry "SUI"]
[SourceTitle "EXT 2024"]
[Source "ChessBase"]
[SourceDate "2023.10.10"]
[SourceVersion "1"]
[SourceVersionDate "2023.10.10"]
[SourceQuality "1"]

1. e4 e5 2. Nf3 Nc6 3. Bc4 Bc5 4. c3 Nf6 5. d4 exd4 6. cxd4 Bb4+ 7. Bd2 Bxd2+ 8. Nbxd2 d5 9. exd5 Nxd5 10. Qb3 Nce7 11. 0-0 0-0 12. Rfe1 c6 13. Ne4 h6 14. a3 Qb6 15. Rac1 Qxb3 16. Bxb3 Rd8 17. Ne5 Kf8 18. g3 Bf5 19. Nc5 Rab8 20. Bc2 Bc8 21. Bb3 b6 22. Ncd3 Bb7 23. Bxd5 Rxd5 24. Nb4 Rd6 25. d5 c5 26. Nc4 Rdd8 27. d6 Nf5 28. Nd3 Nxd6 29. Nde5 Nxc4 30. Rxc4 f6 31. Ng6+ Kf7 32. Nh4 g6 33. b4 Bd5 34. Rg4 g5 35. Nf5 h5 36. Re7+ Kf8 0-1

[Event "Lugano Paradiso op"]
[Site "Lugano"]
[Date "2023.05.28"]
[Round "4"]
[White "Zecirovic, Giacomo"]
[Black "Knudsen, Martin Mosgaard"]
[Result "1-0"]
[WhiteElo "1802"]
[BlackElo "1663"]
[PlyCount "65"]
[EventDate "2023.05.26"]
[EventType "swiss"]
[EventRounds "5"]
[EventCountry "SUI"]
[SourceTitle "CBM 214 Extra"]
[Source "ChessBase"]
[SourceDate "2023.07.31"]
[SourceVersion "1"]
[SourceVersionDate "2023.07.31"]
[SourceQuality "1"]

1. e4 e6 2. d4 d5 3. exd5 exd5 4. c4 Nf6 5. Nc3 Bb4 6. Nf3 0-0 7. Be2 dxc4 8. Bxc4 Re8+ 9. Be3 Bg4 10. Qb3 Bxc3+ 11. bxc3 Be6 12. Bxe6 Rxe6 13. Ng5 Re7 14. Qxb7 Nbd7 15. 0-0 Nb6 16. Qa6 Nbd5 17. Qd3 Qe8 18. Rae1 Qd7 19. c4 Nb4 20. Qb3 Rb8 21. d5 a5 22. Bd4 Rxe1 23. Rxe1 Nc6 24. dxc6 Qd8 25. Qe3 h6 26. Bxf6 gxf6 27. Nf3 Qd6 28. Nd4 Qc5 29. Qg3+ Kh7 30. Qd3+ Kh8 31. Nf5 Qxc6 32. Qh3 Kh7 33. Qxh6+ 1-0

[Event "Lugano Paradiso op"]
[Site "Lugano"]
[Date "2023.05.27"]
[Round "3"]
[White "Carre, Sylvain"]
[Black "Zecirovic, Giacomo"]
[Result "1-0"]
[WhiteElo "2080"]
[BlackElo "1802"]
[PlyCount "55"]
[EventDate "2023.05.26"]
[EventType "swiss"]
[EventRounds "5"]
[EventCountry "SUI"]
[SourceTitle "CBM 214 Extra"]
[Source "ChessBase"]
[SourceDate "2023.07.31"]
[SourceVersion "1"]
[SourceVersionDate "2023.07.31"]
[SourceQuality "1"]

1. d4 Nf6 2. Bf4 d5 3. e3 Bf5 4. c4 e6 5. Nc3 c6 6. Qb3 b6 7. Be2 Bd6 8. Bg3 0-0 9. Nf3 Re8 10. Rd1 Qc7 11. Rc1 a6 12. Bxd6 Qxd6 13. Qxb6 Nbd7 14. Qa5 e5 15. cxd5 cxd5 16. dxe5 Nxe5 17. 0-0 Reb8 18. Nxe5 Qxe5 19. Bf3 Rxb2 20. Nxd5 Ne4 21. Ne7+ Qxe7 22. Qxf5 Rb4 23. Bxe4 Rxe4 24. Rc8+ Rxc8 25. Qxc8+ Qf8 26. Qxa6 g6 27. Rc1 Qb4 28. Qc8+ 1-0

[Event "Lugano Paradiso op"]
[Site "Lugano"]
[Date "2023.05.26"]
[Round "1"]
[White "Rodigari, Gabriele"]
[Black "Zecirovic, Giacomo"]
[Result "0-1"]
[WhiteElo "1353"]
[BlackElo "1802"]
[PlyCount "46"]
[EventDate "2023.05.26"]
[EventType "swiss"]
[EventRounds "5"]
[EventCountry "SUI"]
[SourceTitle "CBM 214 Extra"]
[Source "ChessBase"]
[SourceDate "2023.07.31"]
[SourceVersion "1"]
[SourceVersionDate "2023.07.31"]
[SourceQuality "1"]

1. e4 c6 2. d3 d5 3. exd5 cxd5 4. Nf3 Nc6 5. d4 Nf6 6. c3 Bf5 7. Bd3 Bg6 8. Bxg6 hxg6 9. 0-0 Qc7 10. g3 e6 11. Bf4 Bd6 12. Bxd6 Qxd6 13. Nbd2 0-0 14. Ne5 Nxe5 15. dxe5 Qxe5 16. Nf3 Qh5 17. Nd4 Qh3 18. Nf3 Ng4 19. Qd4 Rad8 20. Qxa7 e5 21. Rfe1 e4 22. Qxb7 exf3 23. Re4 Qg2# 0-1

[Event "Lugano op 10"]
[Site "Lugano"]
[Date "2021.10.31"]
[Round "4"]
[White "Sala, Tiziano Paolo"]
[Black "Zecirovic, Giacomo"]
[Result "1-0"]
[WhiteElo "1934"]
[BlackElo "1798"]
[PlyCount "85"]
[EventDate "2021.10.29"]
[EventType "swiss"]
[EventRounds "5"]
[EventCountry "SUI"]
[SourceTitle "CBM 205 Extra"]
[Source "ChessBase"]
[SourceDate "2022.01.31"]
[SourceVersion "1"]
[SourceVersionDate "2022.01.31"]
[SourceQuality "1"]

1. Nf3 c5 2. c4 Nc6 3. d4 cxd4 4. Nxd4 Nf6 5. g3 g6 6. Bg2 Bg7 7. 0-0 a6 8. Nc3 0-0 9. e3 Qc7 10. b3 d6 11. Bb2 e6 12. Qd2 Bd7 13. Rfd1 Rfd8 14. Rac1 Nxd4 15. Qxd4 Ne8 16. Qd2 Rab8 17. Ne4 Bc6 18. Bxg7 Kxg7 19. Qb2+ e5 20. Nc3 Bxg2 21. Kxg2 Qc6+ 22. Nd5 b5 23. cxb5 Qxb5 24. Kg1 a5 25. f4 f6 26. Nc7 Qb6 27. Ne6+ Kf7 28. Nxd8+ Rxd8 29. Qf2 e4 30. Rd4 f5 31. g4 Nf6 32. g5 Nd7 33. Rcd1 Nc5 34. Qb2 Nd3 35. R4xd3 exd3 36. Qf6+ Kg8 37. Qe6+ Kf8 38. Rxd3 Qc6 39. Qf6+ Ke8 40. Qh8+ Kd7 41. Qg7+ Ke8 42. Rc3 Qe4 43. Qg8+ 1-0

[Event "Lugano op 10"]
[Site "Lugano"]
[Date "2021.10.30"]
[Round "2"]
[White "Schroer, Marcel"]
[Black "Zecirovic, Giacomo"]
[Result "1/2-1/2"]
[WhiteElo "2075"]
[BlackElo "1798"]
[PlyCount "82"]
[EventDate "2021.10.29"]
[EventType "swiss"]
[EventRounds "5"]
[EventCountry "SUI"]
[SourceTitle "CBM 205 Extra"]
[Source "ChessBase"]
[SourceDate "2022.01.31"]
[SourceVersion "1"]
[SourceVersionDate "2022.01.31"]
[SourceQuality "1"]

1. d4 Nf6 2. Nf3 e6 3. g3 b6 4. Bg2 Bb7 5. 0-0 Be7 6. c4 0-0 7. Nc3 d5 8. cxd5 Nxd5 9. Re1 c5 10. e4 Nf6 11. Bf4 cxd4 12. Nxd4 Bc5 13. Ndb5 Qxd1 14. Raxd1 Ng4 15. Re2 e5 16. Bc1 Nc6 17. h3 Nf6 18. Be3 Bxe3 19. Rxe3 Rad8 20. Red3 a6 21. Rxd8 Rxd8 22. Rxd8+ Nxd8 23. Nd6 Ba8 24. Nc4 Nd7 25. f3 Ne6 26. Kf2 f6 27. Bf1 b5 28. Ne3 Nd4 29. Ncd5 Bb7 30. h4 Kf7 31. b4 g6 32. Bh3 Nf8 33. Nc3 Nfe6 34. Bxe6+ Kxe6 35. a4 f5 36. axb5 axb5 37. Ned5 Bc6 38. Ke3 fxe4 39. fxe4 h6 40. g4 g5 41. hxg5 hxg5 1/2-1/2

[Event "Lugano op"]
[Site "Lugano"]
[Date "2021.08.01"]
[Round "5"]
[White "Zecirovic, Giacomo"]
[Black "Tavernier, Loris"]
[Result "1-0"]
[WhiteElo "1817"]
[BlackElo "1557"]
[PlyCount "61"]
[EventDate "2021.07.30"]
[EventType "swiss"]
[EventRounds "5"]
[EventCountry "SUI"]
[SourceTitle "EXT 2022"]
[Source "ChessBase"]
[SourceDate "2021.10.06"]
[SourceVersion "1"]
[SourceVersionDate "2021.10.06"]
[SourceQuality "1"]

1. e4 c5 2. Nf3 e6 3. d4 cxd4 4. Nxd4 Nc6 5. c4 Nge7 6. Nb5 Ng6 7. N1c3 d6 8. Be2 Be7 9. 0-0 0-0 10. Be3 a6 11. Nd4 Bg5 12. Nxc6 bxc6 13. f4 Bh6 14. Qd2 e5 15. f5 Bxe3+ 16. Qxe3 Nf4 17. Bg4 Qg5 18. Qg3 Bb7 19. h4 Qf6 20. Qf3 h5 21. Bxh5 Qxh4 22. Bg4 Qh6 23. g3 Nh3+ 24. Kg2 Ng5 25. Qe3 Qf6 26. Rh1 d5 27. cxd5 cxd5 28. exd5 g6 29. Rh6 Kg7 30. Rah1 Rad8 31. Rh7+ 1-0

[Event "Lugano Paradiso op"]
[Site "Lugano"]
[Date "2020.10.03"]
[Round "2"]
[White "Zecirovic, Giacomo"]
[Black "Dueck, Maximilian"]
[Result "1-0"]
[WhiteElo "1806"]
[BlackElo "1483"]
[PlyCount "55"]
[EventDate "2020.10.02"]
[EventType "swiss"]
[EventRounds "5"]
[EventCountry "SUI"]
[SourceTitle "CBM 198 Extra"]
[Source "ChessBase"]
[SourceDate "2020.11.30"]
[SourceVersion "1"]
[SourceVersionDate "2020.11.30"]
[SourceQuality "1"]

1. e4 e5 2. Nf3 Nc6 3. Bc4 Nf6 4. d3 Bc5 5. 0-0 d6 6. h3 0-0 7. c3 Be6 8. Bb3 Qd7 9. Be3 Bb6 10. Re1 Kh8 11. Nbd2 Ne8 12. d4 Bxb3 13. Nxb3 exd4 14. Nbxd4 Nf6 15. Bg5 Rae8 16. Bxf6 gxf6 17. Nh4 Rg8 18. Qf3 Nxd4 19. Qxf6+ Rg7 20. cxd4 Re6 21. Qf3 Bxd4 22. Nf5 Rf6 23. Qd3 Bb6 24. Nxg7 Bxf2+ 25. Kh1 Bxe1 26. Nh5 Rh6 27. Qd4+ Kg8 28. Qg7# 1-0

[Event "Lugano op"]
[Site "Lugano"]
[Date "2019.05.12"]
[Round "5"]
[White "Rindone, Andrea"]
[Black "Zecirovic, Giacomo"]
[Result "1-0"]
[WhiteElo "1934"]
[BlackElo "1741"]
[PlyCount "91"]
[EventDate "2019.05.10"]
[EventType "swiss"]
[EventRounds "5"]
[EventCountry "SUI"]
[SourceTitle "CBM 190 Extra"]
[Source "ChessBase"]
[SourceDate "2019.07.15"]
[SourceVersion "1"]
[SourceVersionDate "2019.07.15"]
[SourceQuality "1"]

1. d4 Nf6 2. c4 e6 3. Nc3 Bb4 4. e3 c5 5. Bd3 Nc6 6. Nf3 d6 7. 0-0 0-0 8. Bd2 Re8 9. Qc2 h6 10. Rad1 Ba5 11. a3 cxd4 12. exd4 e5 13. dxe5 dxe5 14. Ne4 Bc7 15. Bc3 Qe7 16. Rfe1 Nh5 17. Ng3 Nxg3 18. hxg3 Bg4 19. Bh7+ Kh8 20. Be4 Qc5 21. Bd5 Qf8 22. Bxc6 bxc6 23. Qe4 f5 24. Qxc6 Rac8 25. Nh4 Qf6 26. Qxf6 gxf6 27. Rd7 f4 28. Rd3 fxg3 29. Rxg3 h5 30. Rge3 Bb6 31. Re4 Bd8 32. f4 f5 33. Rxe5 Rxe5 34. Ng6+ Kh7 35. Nxe5 Bb6+ 36. Kf1 Rd8 37. Nxg4 hxg4 38. Re7+ Kg6 39. Ke2 Rc8 40. b3 Bc5 41. Re6+ Kh5 42. b4 Bg1 43. c5 Bh2 44. Be5 Kh4 45. c6 Kg3 46. Kf1 1-0

[Event "Lugano op"]
[Site "Lugano"]
[Date "2019.05.10"]
[Round "1"]
[White "Zecirovic, Giacomo"]
[Black "Reinhardt, Bernd"]
[Result "0-1"]
[WhiteElo "1741"]
[BlackElo "2188"]
[PlyCount "66"]
[EventDate "2019.05.10"]
[EventType "swiss"]
[EventRounds "5"]
[EventCountry "SUI"]
[SourceTitle "CBM 190 Extra"]
[Source "ChessBase"]
[SourceDate "2019.07.15"]
[SourceVersion "1"]
[SourceVersionDate "2019.07.15"]
[SourceQuality "1"]

1. e4 d6 2. d4 g6 3. c4 Bg7 4. Nc3 Nd7 5. Nf3 c6 6. Be2 e5 7. d5 c5 8. Bg5 f6 9. Be3 Bh6 10. Qd2 Bxe3 11. Qxe3 h5 12. a3 a6 13. h4 Nh6 14. Nh2 f5 15. Qg5 Nf6 16. g3 Nf7 17. Qe3 fxe4 18. Nxe4 Nxe4 19. Qxe4 Qa5+ 20. b4 cxb4 21. Qxg6 bxa3+ 22. Kd1 Qc3 23. Ra2 Bd7 24. Bd3 b5 25. cxb5 Rh6 26. Qe4 axb5 27. Rc2 Qb3 28. Ke2 Ra4 29. Qe3 Rd4 30. Rhc1 Rf6 31. Rc3 Qb4 32. R3c2 e4 33. Rd1 Kf8 0-1

[Event "Ascona op 14th"]
[Site "Ascona"]
[Date "2019.04.26"]
[Round "1"]
[White "Zecirovic, Giacomo"]
[Black "Chibukhchian, Artur"]
[Result "0-1"]
[WhiteElo "1765"]
[BlackElo "2384"]
[PlyCount "42"]
[EventDate "2019.04.26"]
[EventType "swiss"]
[EventRounds "5"]
[EventCountry "SUI"]
[SourceTitle "CBM 190 Extra"]
[Source "ChessBase"]
[SourceDate "2019.07.15"]
[SourceVersion "1"]
[SourceVersionDate "2019.07.15"]
[SourceQuality "1"]

1. e4 c5 2. Nf3 e6 3. c3 Nf6 4. e5 Nd5 5. d4 cxd4 6. cxd4 d6 7. Bd2 b6 8. Nc3 Nxc3 9. Bxc3 Bb7 10. Be2 Be7 11. 0-0 0-0 12. Re1 Qd7 13. Rc1 Bd5 14. Qc2 h6 15. Bb4 Nc6 16. Ba3 Bxf3 17. Bxf3 Nxd4 18. Qd3 Nxf3+ 19. Qxf3 d5 20. Rc2 Rfc8 21. Ree2 Qa4 0-1